000
00286nam a2200121Ia 4500
008
220204s9999 xx 000 0 und d
082
_a
582.26
_b
BON
100
_a
Boney, A D
245
0
_a
Phytoplankton
260
_a
London
_b
Edward Arnold
_c
1976
650
_a
Phytoplankton
942
_c
BK
999
_c
27073
_d
27073